Convention on the elimination of all forms of discrimination against women (CEDAW) (Record no. 4853)
[ view plain ]
| 000 -LEADER | |
|---|---|
| fixed length control field | 00489nam a2200145 4500 |
| 008 - FIXED-LENGTH DATA ELEMENTS--GENERAL INFORMATION | |
| fixed length control field | 240309b |||||||| |||| 00| 0 eng d |
| 082 ## - DEWEY DECIMAL CLASSIFICATION NUMBER | |
| Classification number | 305.4 |
| Item number | CON |
| 942 ## - ADDED ENTRY ELEMENTS (KOHA) | |
| Item Type | Reports |
| 700 ## - ADDED ENTRY--PERSONAL NAME | |
| Personal name | Daluwatte, Sharmila |
| 700 ## - ADDED ENTRY--PERSONAL NAME | |
| Personal name | Muthukumarage, Damayanthi |
| Relator Term | illustrator |
| 245 ## - TITLE STATEMENT | |
| Title | Convention on the elimination of all forms of discrimination against women (CEDAW) |
| 260 ## - PUBLICATION, DISTRIBUTION, ETC. (IMPRINT) | |
| Place of Publication | Colombo: |
| Name of Publisher | United Nations Population Fund, |
| Date of Copyright | 2010 |
| 650 ## - SUBJECT ADDED ENTRY--TOPICAL TERM | |
| Topical Term | LAWS-Discrimination against women |
| 650 ## - SUBJECT ADDED ENTRY--TOPICAL TERM | |
| Topical Term | Violence against women |
| Withdrawn status | Lost status | Source of classification or shelving scheme | Damaged status | Not for loan | Permanent location | Current location | Date acquired | Total Checkouts | Full call number | Barcode | Date last seen | Price effective from | Koha item type |
|---|---|---|---|---|---|---|---|---|---|---|---|---|---|
| Dewey Decimal Classification | Resource center, Muslim Women's Research And Action Forum | Resource center, Muslim Women's Research And Action Forum | 2024-03-09 | .305.4 CON | RAF5193 | 2024-03-09 | 2024-03-09 | Reports |

